Đặc điểm sinh học và kỹ thuật nuôi cá ngựa
Zapisane w:
| Korporacja: | |
|---|---|
| Format: | Książka |
| Język: | Undetermined |
| Wydane: |
Hà Nội
Nông nghiệp
1994
|
| Hasła przedmiotowe: | |
| Etykiety: |
Dodaj etykietę
Nie ma etykietki, Dołącz pierwszą etykiete!
|
| Thư viện lưu trữ: | Trung tâm Học liệu Trường Đại học Cần Thơ |
|---|
| LEADER | 00601nam a2200181Ia 4500 | ||
|---|---|---|---|
| 001 | CTU_161608 | ||
| 008 | 210402s9999 xx 000 0 und d | ||
| 082 | |a 639.8 | ||
| 082 | |b V305 | ||
| 110 | |a Viện hải dương học Nha Trang | ||
| 245 | 0 | |a Đặc điểm sinh học và kỹ thuật nuôi cá ngựa | |
| 245 | 0 | |c Viện hải dương học Nha Trang | |
| 260 | |a Hà Nội | ||
| 260 | |b Nông nghiệp | ||
| 260 | |c 1994 | ||
| 650 | |a Aquaculture,Nuôi trồng thủy sản | ||
| 904 | |i Trọng Hải | ||
| 980 | |a Trung tâm Học liệu Trường Đại học Cần Thơ | ||